| 000 | 01184nam a2200325 i 4500 | ||
|---|---|---|---|
| 001 | 015414835 | ||
| 003 | EG-ScBUE | ||
| 005 | 20241002104519.0 | ||
| 008 | 091104s2012 enka f 001 0 eng d | ||
| 020 | _a1408286408 | ||
| 020 | _a9781408286401 | ||
| 040 |
_aEG-ScBUE _beng _erda _cEG-ScBUE _dEG-ScBUE |
||
| 082 | 0 | 4 |
_a515 _bINT _222 |
| 245 | 0 | 0 |
_aIntroductory mathematical analysis : _bfor business, economics, and the life and social sciences / _cErnest F. Haeussler, Jr., The Pennsylvania State University [and three others] |
| 250 | _aArab World edition. | ||
| 264 | 1 |
_aHarlow, England : _bPearson Education Limited, _c2012. |
|
| 300 |
_a1 volume (various pagings) : _billustrations (some color) ; _c28 cm |
||
| 336 |
_2rdacontent _atext _btxt |
||
| 337 |
_aunmediated _2rdamedia _bn |
||
| 338 |
_avolume _bnc _2rdacarrier |
||
| 500 | _aIncludes appendixes. | ||
| 500 | _aIncludes index. | ||
| 650 | 7 |
_aMathematical analysis. _919895 _2BUEsh |
|
| 650 | 7 |
_aBusiness mathematics. _9801 _2BUEsh |
|
| 651 | _2BUEsh | ||
| 653 |
_cAugust2015 _cOctober2015 _bBUSECO |
||
| 655 |
_vText book _933728 |
||
| 700 | 1 |
_aHaeussler, Ernest F., _eauthor. _919894 |
|
| 942 |
_2ddc _cBB |
||
| 999 |
_c17562 _d17534 |
||